<?xml version="1.0" encoding="UTF-8"?>
<resp>
  <nextPage>https://data.bn.org.pl/api/networks/bibs.marcxml?marc=001+b00001150003471&amp;sinceId=1150003472</nextPage>
  <collection>
    <record xmlns='http://www.loc.gov/MARC21/slim'><leader>01231nam a2200421 i 4500</leader><controlfield tag='001'>b00001150003471</controlfield><controlfield tag='005'>20260403094846.4</controlfield><controlfield tag='008'>230609s        pl           |000 0 pol c</controlfield><controlfield tag='009'>9913261265005606</controlfield><datafield ind1=' ' ind2=' ' tag='020'><subfield code='a'>8323798362</subfield></datafield><datafield ind1=' ' ind2=' ' tag='035'><subfield code='a'>KR_1KR_1_20120317231445064962-48omnis_kr</subfield></datafield><datafield ind1=' ' ind2=' ' tag='035'><subfield code='a'>KR_1_20120317231445064962</subfield><subfield code='9'>ExL</subfield></datafield><datafield ind1=' ' ind2=' ' tag='035'><subfield code='a'>(PL)b00001150003471</subfield></datafield><datafield ind1=' ' ind2=' ' tag='040'><subfield code='a'>KR_1</subfield><subfield code='c'>KR_1</subfield><subfield code='d'>WA N</subfield></datafield><datafield ind1='1' ind2=' ' tag='041'><subfield code='a'>pol</subfield><subfield code='h'>eng</subfield></datafield><datafield ind1=' ' ind2=' ' tag='044'><subfield code='a'>pl</subfield></datafield><datafield ind1=' ' ind2=' ' tag='080'><subfield code='a'>I N</subfield></datafield><datafield ind1=' ' ind2=' ' tag='080'><subfield code='a'>821.111-93</subfield></datafield><datafield ind1='1' ind2=' ' tag='100'><subfield code='a'>Chapman, Keith</subfield></datafield><datafield ind1='1' ind2='0' tag='245'><subfield code='a'>Urodziny Boba /</subfield><subfield code='c'>[Keith Chapman ; tł. Marek Karpiński].</subfield></datafield><datafield ind1=' ' ind2=' ' tag='260'><subfield code='a'>W-wa :</subfield><subfield code='b'>Egmont Polska,</subfield><subfield code='c'>2006.</subfield></datafield><datafield ind1=' ' ind2=' ' tag='300'><subfield code='a'>30 s. :</subfield><subfield code='b'>il. kolor. ;</subfield><subfield code='c'>19x23 cm.</subfield></datafield><datafield ind1='1' ind2=' ' tag='490'><subfield code='a'>Bob Budowniczy</subfield></datafield><datafield ind1=' ' ind2=' ' tag='500'><subfield code='a'>d</subfield></datafield><datafield ind1=' ' ind2='0' tag='650'><subfield code='a'>Opowiadanie dziecięce amerykańskie</subfield><subfield code='y'>21 w.</subfield></datafield><datafield ind1='1' ind2=' ' tag='700'><subfield code='a'>Karpiński, Marek</subfield><subfield code='e'>Tł.</subfield></datafield><datafield ind1=' ' ind2=' ' tag='852'><subfield code='b'>48OMNIS_NETWORK</subfield><subfield code='8'>9913261265005606</subfield></datafield><datafield ind1=' ' ind2=' ' tag='852'><subfield code='b'>48OMNIS_ZDU</subfield><subfield code='8'>991000020869707772</subfield></datafield><datafield ind1=' ' ind2=' ' tag='852'><subfield code='8'>227087870007772</subfield><subfield code='j'>1</subfield><subfield code='b'>FJA</subfield><subfield code='p'>306013216</subfield><subfield code='c'>F_JA</subfield></datafield><datafield ind1=' ' ind2=' ' tag='852'><subfield code='8'>227087870007772</subfield><subfield code='j'>1</subfield><subfield code='b'>FJA</subfield><subfield code='p'>306013215</subfield><subfield code='c'>F_JA</subfield></datafield><datafield ind1=' ' ind2=' ' tag='920'><subfield code='a'>83-237-9836-2</subfield></datafield></record>
  </collection>
</resp>
